'F' TV Shows by Picture Quiz Stats

 Plays Quiz Updated Oct 11, 2018

Challenge
Share
Tweet
Score 0/20 Timer 05:00
1 Play Today
Location Show % Correct
The Flintstones
99%
Family Guy
95.8%
The Fresh Prince of Bel-Air
94.2%
Friends
91.8%
Frasier
85%
Futurama
82.7%
Flipper
81.5%
Full House
80%
Friday Night Lights
76.8%
Family Matters
71.3%
Location Show % Correct
Fairly OddParents
62%
Fraggle Rock
60.4%
Fear Factor
58.5%
Family Ties
55.7%
The Flying Nun
48.6%
Felicity
48.1%
The Facts of Life
45.5%
Freaks and Geeks
44.8%
Father Knows Best
36.6%
Fringe
33.7%

You're not logged in!

Compare scores with friends on all Sporcle quizzes.
OR
Log In

You Might Also Like...

Show Comments

Extras

Top Quizzes Today


Score Distribution

Your Account Isn't Verified!

In order to create a playlist on Sporcle, you need to verify the email address you used during registration. Go to your Sporcle Settings to finish the process.

Report this User

Report this user for behavior that violates our Community Guidelines.

Details: